|
|
|
|
| LEADER |
00000nam#a22000005a#4500 |
| 001 |
018901 |
| 005 |
20250217095404.0 |
| 008 |
070726t2006####sp#######b####001#0#spa#d |
| 020 |
|
|
|a 8424927869 (t. 2)
|
| 020 |
|
|
|a 8424927842 (obra completa)
|
| 040 |
|
|
|a AR-beUNQ
|
| 041 |
1 |
|
|a pa
|h eng
|
| 082 |
0 |
4 |
|a 860
|2 21
|
| 245 |
0 |
2 |
|a Historia de la literatura hispanoamericana.
|b El siglo XX
|c Roberto González Echevarría y Enrique Pupo-Walker (eds.).
|n II :
|
| 260 |
|
|
|a Madrid :
|b Gredos,
|c c2006.
|
| 300 |
|
|
|a 786 p. ;
|c 25 cm.
|
| 490 |
0 |
|
|a Manuales
|
| 500 |
|
|
|a Traducción de: The Cambridge History of Latin American Literature.
|
| 500 |
|
|
|a Traducido por: Ana Santoja Querol y Consuelo Triviño Anzola.
|
| 504 |
|
|
|a Bibliografía: p.587-749.
|
| 650 |
|
7 |
|a Literatura (Arte)
|2 Spines
|
| 650 |
|
7 |
|a Literatura hispanoamericana
|2 Tell
|
| 650 |
|
7 |
|a Historia y estudio de la literatura en castellano
|2 Tell
|
| 650 |
|
7 |
|a Novela
|2 Tell
|
| 650 |
|
7 |
|a Poesía
|2 Tell
|
| 650 |
|
7 |
|a Cuento
|2 Tell
|
| 650 |
|
7 |
|a Ensayo
|2 Tell
|
| 650 |
|
7 |
|a Teatro
|2 Tell
|
| 653 |
|
|
|a Siglo XX
|
| 700 |
1 |
|
|a González Echevarría, Roberto
|e ed
|4 edt
|
| 700 |
1 |
|
|a Pupo-Walker, Enrique
|e ed
|4 edt
|
| 929 |
|
|
|a COMPRA
|b Ciencia y técnica
|c Exp. 827-1088/06 2a. compra
|d 240,00
|e 20070512
|f PAT0020713
|j 40500
|
| 929 |
|
|
|a COMPRA
|b Ciencia y técnica
|c Exp. 827-1088/06 2a. compra
|d 240,00
|e 20070612
|f PAT0020712
|j 40501
|
| 942 |
|
|
|c LIB
|n 0
|
| 999 |
|
|
|c 18870
|d 94257
|